000
00319nam a2200133Ia 4500
008
190216s9999||||xx |||||||||||||| ||und||
100
_a
"Sehgal. Dl, Chopra, Kl.,and Sehgal. Nk"
245
0
_a
Modern Physics
250
_a
1st Ed.
260
_b
S. Chand & Co
_c
1993
300
_a
547
650
_a
Physics
942
_c
BK
999
_c
32934
_d
32934